[Event "Havana Jimenez Memoriam"]
[Site "Havana"]
[Date "2024.07.23"]
[Round "3"]
[White "Sanchez Reyes, Jose Benito"]
[Black "Robaina Diaz, Victor Dany"]
[Result "1-0"]
[WhiteElo "1709"]
[BlackElo "1657"]
[PlyCount "57"]
[EventDate "2024.07.21"]
[EventType "tourn"]
[EventRounds "9"]
[EventCountry "CUB"]
[SourceTitle "EXT 2025"]
[Source "ChessBase"]
[SourceDate "2024.10.14"]
[SourceVersion "1"]
[SourceVersionDate "2024.10.14"]
[SourceQuality "1"]

1. d4 d5 2. c4 e6 3. Nc3 Nf6 4. Bg5 Bb4 5. Nf3 Nc6 6. a3 Bxc3+ 7. bxc3 h6 8. Bh4 Qd6 9. Bxf6 gxf6 10. cxd5 Qxd5 11. Qd3 e5 12. e4 Qd6 13. d5 Ne7 14. Qb5+ c6 15. Qa4 0-0 16. c4 Bd7 17. Qb4 c5 18. Qd2 f5 19. Bd3 Rfe8 20. 0-0 Kh8 21. Qb2 f4 22. Nxe5 Qf6 23. Nxf7+ Kg7 24. Qxf6+ Kxf6 25. Nd6 Rg8 26. Rfe1 Bh3 27. e5+ Kg7 28. gxh3 Kh8+ 29. Kh1 1-0

[Event "Havana Gilberto Garcia Memorial-B"]
[Site "Havana"]
[Date "2024.02.25"]
[Round "4"]
[White "Ramos Tuya, Moises"]
[Black "Robaina Diaz, Victor Dany"]
[Result "0-1"]
[WhiteElo "1497"]
[BlackElo "1353"]
[PlyCount "56"]
[EventDate "2024.02.24"]
[EventType "tourn"]
[EventRounds "9"]
[EventCountry "CUB"]
[SourceTitle "CBM 219 Extra"]
[Source "ChessBase"]
[SourceDate "2024.05.31"]
[SourceVersion "1"]
[SourceVersionDate "2024.05.31"]
[SourceQuality "1"]

1. d4 d5 2. c4 e6 3. Nf3 Nc6 4. Nc3 Bb4 5. Bf4 Nf6 6. Ne5 Bd7 7. Nxd7 Qxd7 8. e3 Ne4 9. Rc1 h5 10. Be2 dxc4 11. 0-0 Bxc3 12. bxc3 g5 13. Be5 Nxe5 14. dxe5 0-0-0 15. Qc2 f5 16. Bxc4 h4 17. Rcd1 Qc6 18. Qb3 Nc5 19. Qb4 g4 20. a4 h3 21. Rxd8+ Rxd8 22. f3 hxg2 23. Kxg2 Rd2+ 24. Kg3 gxf3 25. Rxf3 Qe8 26. h3 Qg6+ 27. Kh4 Qh6+ 28. Kg3 Ne4# 0-1